| 000 | 00506nam a2200181Ia 4500 | ||
|---|---|---|---|
| 008 | 240925s9999 xx 000 0 und d | ||
| 020 | _a9788126916498 | ||
| 082 | _a519.2 GUP | ||
| 100 | _aGupta, K. R. | ||
| 245 | 0 | _aProbability Theory: the logic of science | |
| 250 | _aNA | ||
| 260 |
_aNew Delhi: _bAtlantic Publishers & distributors (P) LTD _c,2012. |
||
| 300 |
_a789p. _b0 _fOriginal |
||
| 500 | _aIncludes Index | ||
| 600 | _aHumanities & Natural Science | ||
| 650 | _aMathematics | ||
| 942 | _cBK | ||
| 999 |
_c16342 _d16342 |
||